| 000 | 00893cam a2200277 a 4500 | ||
|---|---|---|---|
| 003 | UPN | ||
| 005 | 20231020063959.0 | ||
| 008 | 191126s2019 mx ao dr 000 0 spa d | ||
| 020 | _a9786075512808 (v.I) | ||
| 020 | _a9786075512877 (v.II) | ||
| 035 | _aUPN01000234367 | ||
| 040 |
_aMX-MxUPN _bspa _cMX-MxUPN |
||
| 050 | 4 |
_aLB1648 M62 _bC54 2019 |
|
| 245 | 1 | 0 |
_aCiencias y tecnología : _bfísica : segundo grado |
| 250 | _aPrimera edición | ||
| 260 |
_aMéxico : _bSEP, Dirección General de Materiales Educativos , _c2019. |
||
| 300 |
_a2 volúmenes : _bilustraciones a color, fotografías |
||
| 490 | _aTelesecundaria | ||
| 500 | _a"Ciclo escolar 2019-2020". | ||
| 650 | 7 |
_98873 _aFísica _xEstudio y enseñanza (Secundaria) |
|
| 650 | 7 |
_944449 _aFísica _vLibros de texto |
|
| 650 | 4 |
_aTelesecundaria _96411 |
|
| 905 | _aLibro | ||
| 942 |
_2lcc _cLIBRO |
||
| 999 |
_c206462 _d206462 |
||